LEADER 01118nam a2200229 i 4500 001 000000068762 003 CaOOAMICUS 005 20130620000000.0 008 130620s1893 xx u000 u fre u 013 $a39934 040 $aSeMil$bita 100 1 $aFarges, Albert,$d<1848-1926>.$0(OLS)http://semarc/name/8990 245 12$aL'objectivité de la perception des sens externes et les théories modernes. 250 $a3. éd. 260 $aParis :$bRoger & Chernoviz,$c1893. 300 $a242 p. 650 4$aPercezione sensibile.$0(OLS)http://semarc/subject/11267 773 0 $aFarges, Albert <1848-1926>$tÉtudes philosophiques pour vulgariser les théories d'Aristote et de S. Thomas d'Aquin et leur accord avec les sciences.$dParis : Letouzey et Anè : [poi]... Roger & Chernoviz, 1890.$g5$w()28439 850 $aSeMil 852 $aSeMil$W1$xVenegono$y1$m2P IV 11 FA$j34915$B34915$CSeMilBibl$Z2$F34918 $8I 996 $6245$aL'objectivité de la perception des sens externes et les théories modernes$9(OLS)http://semarc/title/109923 996 $6260$aParis :$bRoger & Chernoviz$9(OLS)http://semarc/publisher/30277 LEADER 00969nam a2200265 i 4500 001 000000104988 003 CaOOAMICUS 005 20200611154015.0 008 020124s1956 be u000 u lat u 013 $a77177 040 $aSeMil$bita 245 10$a101-150. 300 $aVI, P. 1426-2260. 700 0 $aAugustinus, Aurelius,$c.$0(OLS)http://semarc/name/498 773 0 $aAugustinus, Aurelius $t10: Sancti Aurelii Augustini Enarrationes in Psalmos.$dTurnhout : Brepols, 1956.$g3$w()1408 830 0$aCorpus Christianorum. Series Latina ;$v40.$0(OLS)http://semarc/title/37 850 $aSeMil 852 $aSeMil$W1$xVenegono$y1$mSL2.J I 40$j61283$B61283$CSeMilBibl$Z2$F70582 $8I 900 1 $aAgostino : d'Ippona. 900 1 $aSant'Agostino. 961 $aSottoscrizione: Brepols 996 $6245$a101-150$9(OLS)http://semarc/title/107724